|
|
|
|
| LEADER |
00000nam a22000007a 4500 |
| 005 |
20210225000711.0 |
| 007 |
cr|||| |||| |
| 008 |
210225s2018 us |||||s|||| 00||0 eng d |
| 020 |
|
|
|a 9781641051767
|
| 035 |
|
|
|a 31244
|
| 040 |
|
|
|a vLex
|
| 090 |
|
|
|c 11268
|d 11268
|
| 100 |
1 |
|
|a Kelley, Elizabeth
|
| 245 |
1 |
0 |
|a Representing People with Mental Disabilities
|h [Recurso electrn̤ico] :
|b A Practical Guide for Criminal Defense Lawyers /
|c Elizabeth Kelley
|
| 256 |
|
|
|a Servicio en ln̕ea
|
| 260 |
|
|
|a Chicago:
|b American Bar Association,
|c 2018
|
| 300 |
|
|
|a 1 recurso electrn̤ico
|
| 500 |
|
|
|a Depending on the statistics you read, approximately one-third of the inmates in U.S. jails and prisons have some sort of mental disability. It has become clich ̌to say that our jails and prisons have become de facto mental institutions. How did we reach this point? Representing People with Mental Disabilities: A Practical Guide for Criminal Defense Lawyers takes a look at the challenges and opportunities that are presented in these types of cases.
|
| 506 |
1 |
|
|a Disponible solo en los productos indicados
|d vLex Global
|d vLex Global (Academic Edition, excluding Law Schools)
|d vLex Global (Academic Edition, Law Schools)
|
| 650 |
0 |
4 |
|a Abogados
|z Estados Unidos
|
| 650 |
0 |
4 |
|a Derecho Penal
|z Estados Unidos
|
| 740 |
0 |
|
|a vLex Libros (Servicio en ln̕ea)
|
| 856 |
4 |
0 |
|u http://vlex.com/source/representing-people-with-mental-disabilities-a-practical-guide-for-criminal-defense-lawyers-31244
|z Acceso restringido
|
| 942 |
|
|
|c BOOK
|
| 999 |
0 |
|
|a Lawyers
|
| 999 |
0 |
|
|a Criminal Law
|